Alternativní nevratné palety II.

V druhej časti cyklu o alternatívnych typoch paliet sú predstavené výhody a nevýhody výrobkov z vlnitej lepenky Palletkraft a Cone Pal.

Saved in:
Bibliographic Details
Main Author: Vítek, Miloslav
Format: Book Chapter
Language:Czech
Subjects:
Tags: Add Tag
No Tags, Be the first to tag this record!

MARC

LEADER 00000naa a2200000 4500
001 0231098
005 20221104111647.3
041 0 |a cze 
044 |a CZ 
245 1 0 |a Alternativní nevratné palety II.  |c Miloslav Vítek 
520 |a V druhej časti cyklu o alternatívnych typoch paliet sú predstavené výhody a nevýhody výrobkov z vlnitej lepenky Palletkraft a Cone Pal. 
610 2 0 |a palety 
610 2 0 |a manipulácia s tovarom 
610 2 0 |a papier 
610 2 0 |a flexibilita 
610 2 0 |a ekológia 
610 2 0 |a preprava 
100 1 |a Vítek, Miloslav